[Event "IND-ch U15 Girls"]
[Site "Kolkata"]
[Date "2018.07.20"]
[Round "5"]
[White "Bristy, Mukherjee"]
[Black "Sai, Divya M"]
[Result "1-0"]
[WhiteElo "1768"]
[BlackElo "1641"]
[PlyCount "47"]
[EventDate "2018.07.17"]
[EventType "swiss"]
[EventRounds "11"]
[EventCountry "IND"]
[SourceTitle "CBM 186 Extra"]
[Source "ChessBase"]
[SourceDate "2018.08.24"]
[SourceVersion "1"]
[SourceVersionDate "2018.08.24"]
[SourceQuality "1"]

1. e4 c5 2. Nc3 Nc6 3. f4 g6 4. Nf3 Bg7 5. Bb5 Nd4 6. 0-0 Nxb5 7. Nxb5 a6 8. Nc3 d6 9. Qe1 e6 10. f5 Ne7 11. Ng5 Bf6 12. d3 Nc6 13. Qg3 Nd4 14. fxg6 hxg6 15. Nxf7 Kxf7 16. Bg5 Nf5 17. exf5 exf5 18. Bxf6 Qxf6 19. Ne4 Qd4+ 20. Kh1 Rd8 21. Rae1 Kg7 22. Qh4 Rf8 23. Rf4 Qd5 24. Ng5 1-0